Statistiques concernant Les vainqueurs du maillot vert au Tour de France

Cliquez ici pour prendre le quiz!

Statistiques générales

  • Ce quiz a été pris 60 fois
  • Le résultat moyen est 24 sur 71

Statistiques - réponses

AnnéeVainqueur% Correct
2012Peter Sagan
96%
2013Peter Sagan
96%
2014Peter Sagan
96%
2019Peter Sagan
96%
2015Peter Sagan
96%
2018Peter Sagan
96%
2016Peter Sagan
96%
2011Mark Cavendish
77%
2021Mark Cavendish
77%
2023Jasper Philipsen
68%
2022Wout van Aert
61%
1971Eddy Merckx
60%
1969Eddy Merckx
60%
1972Eddy Merckx
60%
1992Laurent Jalabert
56%
1995Laurent Jalabert
56%
1979Bernard Hinault
51%
1996Erik Zabel
49%
1997Erik Zabel
49%
1998Erik Zabel
49%
1999Erik Zabel
49%
2000Erik Zabel
49%
2001Erik Zabel
49%
2005Thor Hushovd
40%
2009Thor Hushovd
40%
2006Robbie McEwen
37%
2002Robbie McEwen
37%
2004Robbie McEwen
37%
2017Michael Matthews
35%
2020Sam Bennett
35%
2007Tom Boonen
35%
2010Alessandro Petacchi
32%
2008Óscar Freire
25%
1993Djamolidine Abdoujaparov
23%
1994Djamolinide Abdoujaparov
23%
1991Djamolodine Abdoujaparov
23%
1959André Darrigade
21%
1961André Darrigade
21%
1989Sean Kelly
19%
1985Sean Kelly
19%
1983Sean Kelly
19%
1982Sean Kelly
19%
1981Freddy Maertens
18%
1978Freddy Maertens
18%
1976Freddy Maertens
18%
1965Jan Janssen
12%
1964Jan Janssen
12%
1967Jan Janssen
12%
1963Rik Van Looy
12%
1988Eddy Planckaert
11%
1990Olaf ludwig
11%
1970Walter Godefroot
11%
1966Willy Planckaert
11%
2003Baden Cooke
9%
1986Eric Vanderaerden
9%
1954Ferdi Kübler
9%
1987Jean-Paul van Poppel
9%
1955Stan Ockers
9%
1956Stan Ockers
9%
1977Jacques Esclassan
7%
1962Rudi Altig
7%
1968Franco Bitossi
5%
1973Herman Van Springel
5%
1957Jean Forestier
5%
1974Patrick Sercu
5%
1975Rik Van Linden
5%
1980Rudy Pevenage
5%
1984Frank Hoste
4%
1953Fritz Schaer
4%
1960Jean Graczyk
4%
1958Jean Graczyk
4%

Distribution des résultats

Percentile par nombre de réponses

% des personnes avec chaque résultat

Votre développement - résultats

Vous n’avez pas pris ce quiz